000 00558nam a2200181 a 4500
005 20140310183214.0
008 081111s19uu xx 00 eng d
050 _aRC 81.A2
_b.N434 1996
100 _aWagman, Richard, edited by
245 _aThe new complete medical and health encyclopedia /
260 _aChicago :
_bJ.G. Ferguson Publishing Co,
_c1977.
300 _a344 p. :
_bill. ;
_c23 cm.
650 _aMedical and Heath encyclopedia.
650 _aMedical encyclopedia.
650 _aHealth encyclopedia.
942 _cBK
_2lcc
999 _c20196
_d20196